000 00795nam a2200253 a 4500
008
020 _a0750655542 (pbk.)
049 _aMAIN
090 _aTA171
_bASH.
100 1 _aAshby, M. F.
245 1 0 _aMaterials and design :
_bthe art and science of material selection in product design /
_cMike Ashby and Kara Johnson.
260 _aOxford :
_bButterworth-Heinemann,
_c2002.
300 _avii, 336 p. :
_bill. (some col.) ;
_c25 cm.
504 _aIncludes bibliographical references.
500 _aIncludes index.
650 0 _aMaterials.
650 0 _aDesign, Industrial.
700 1 _aJohnson, Kara.
907 _a.b1013363x
_b23-01-13
_c20-08-04
003
005 20230123125444.0
040 _cNUST
942 _cBOOKS
_kTA171
_mASH.
999 _c141823
_d141823